Que signifie la Sécurité Européenne aprées la Guerre Froide? decembre 1993
Gespeichert in:
| Format: | Buch |
|---|---|
| Sprache: | Französisch |
| Veröffentlicht: |
Bruxelles
The Philip Morris Institute
1993
|
| Schlagworte: | |
| Tags: |
Keine Tags, Fügen Sie das erste Tag hinzu!
|
MARC
| LEADER | 00000nam a2200000 4500 | ||
|---|---|---|---|
| 001 | c119926 | ||
| 005 | 20221123112708.1 | ||
| 041 | 0 | |a fre | |
| 044 | |a BE | ||
| 245 | 1 | 0 | |a Que signifie la Sécurité Européenne aprées la Guerre Froide? |b decembre 1993 |
| 264 | 1 | |a Bruxelles |b The Philip Morris Institute |c 1993 | |
| 300 | |a 91 s. | ||
| 610 | 2 | 0 | |a bezpečnosť |
| 610 | 2 | 0 | |a Európa |
| 610 | 2 | 0 | |a vojny |
| 610 | 2 | 0 | |a politika bezpečnostná |
| 610 | 2 | 0 | |a politika mierová |
| 610 | 2 | 0 | |a obrana štátu |